00222nam a2200085Ia 4500008004100000041000800041100001200049245003900061260003600100231107s1975 xx 000 0 und d aeng aGoff B. aGA 33 bavinger house & price house aTokyobA.D.A. Editta pub.c1975